Status of multilateral Arms Regulation adn Disarmament Agreements
Guardado en:
| Institution som forfatter: | |
|---|---|
| Format: | Texto |
| Udgivet: |
Washigton D.C.:
ONU
|
| Tags: |
Tilføj Tag
Ingen Tags, Vær først til at tagge denne postø!
|
MARC
| LEADER | 00000 a a2200000 04500 | ||
|---|---|---|---|
| 001 | 23370 | ||
| 003 | |||
| 040 | |||
| 020 | |a 92-1-142221-3 | ||
| 090 | |a 162600 | ||
| 110 | |a ONU | ||
| 245 | |a Status of multilateral Arms Regulation adn Disarmament Agreements | ||
| 260 | |a Washigton D.C.: |b ONU | ||
| 300 | |a 417 p. | ||
| 999 | |c 12644 |d 12644 | ||



